Statistics for ♫ Burn the House Down Lyrics - AJR ♫

Click here to take the quiz!

General Stats

  • This quiz has been taken 456 times
  • The average score is 253 of 340

Answer Stats

Lyric% Correct
do
99%
the
99%
I
97%
a
96%
burn
94%
down
94%
house
94%
go
93%
to
92%
be
91%
gon’
90%
it
90%
We
90%
we
90%
and
88%
in
87%
whole
87%
what
85%
keep
83%
my
83%
on
83%
Used
83%
used
83%
cool
82%
No
81%
no
81%
up
81%
fool
78%
way
78%
Way
78%
Watch
77%
All
76%
me
76%
that
76%
gonna
75%
road
72%
about
71%
bounce
71%
Been
70%
is
70%
Is
70%
light
70%
news
70%
Should
70%
should
70%
step
69%
oh
67%
your
66%
forget
65%
of
63%
Stay
61%
let
60%
stand
60%
could
59%
fight
59%
out
58%
refresh
58%
listen
57%
only
57%
hide
56%
hit
56%
TV
56%
If
55%
they
55%
right
54%
Will
54%
got
53%
lies
53%
line
53%
something
53%
song
53%
one’s
52%
sing
52%
write
52%
serving
51%
wrong
50%
head
49%
Whatcha
49%
You’re
49%
Preaching
48%
Twitter
47%
low
46%
hang
45%
You’ve
44%
every
41%
Every
41%
stranger
41%
shit
39%
show
39%
march
38%
done
37%
from
37%
get
37%
sleeve
37%
Walk
37%
with
37%
Full
36%
tricks
36%
bite
35%
this
35%
entertainers
34%
at
33%
I’m
33%
into
33%
Now
33%
Gawking
32%
Or
32%
room
31%
thieves
31%
tongue
31%
Too
31%
good
30%
hear
30%
Yeah
27%
yeah
27%
loud
26%
Woah
20%
truth-
8%

Score Distribution

Percentile by Number Answered

Percent of People with Each Score

Your Score History

You have not taken this quiz